[Event "Invitation"]
[Site "http://www.queenalice.com/game.php?id=737349"]
[Date "2010.2.25"]
[Round "-"]
[White "guassenir"]
[Black "specktro"]
[Result "0-1"]
[WhiteElo "923"]
[BlackElo "1368"]

1. d4 d5 2. c3 e6 3. c4 Bb4+ 4. Bd2 a5 5. a3 Bd6 6. e4 dxe4 7. f3 Nf6 8. Nc3 O-O
9. Qe2 Nc6 10. fxe4 Nxd4 11. Qf2 c5 12. g3 Qb6 13. Bc1 Nb3 14. Rb1 e5 15. h4 Bg4
16. Na4 Qc7 17. Qe3 Nd4 18. Ne2 b5 19. cxb5 Nxb5 20. Bh3 Bh5 21. O-O Bg6 22. g4
Nxe4 23. h5 c4 24. hxg6 hxg6 25. Qxe4 Bc5+ 26. Be3 Rfd8 27. Bxc5 Qd7 28. Qe3 Nc7
29. Nb6 Qc6 30. Qxe5 Rab8 31. Rf4 f6 32. Qg5 fxg5 33. Na4 gxf4 34. Rc1 Qxa4 35.
Bd6 Rxd6 36. Nc3 Qc6 37. Bg2 Qb6+ 38. Kf1 Qxb2 0-1

[Event "Challenge"]
[Site "http://www.queenalice.com/game.php?id=738328"]
[Date "2010.2.27"]
[Round "-"]
[White "Garry_Kasparov"]
[Black "guassenir"]
[Result "1-0"]
[WhiteElo "1465"]
[BlackElo "923"]

1. e4 Nc6 2. Nf3 d5 3. Bb5 e6 4. Nc3 a6 5. Bxc6+ bxc6 6. d4 dxe4 7. Nxe4 f5 8.
Nc3 g6 9. O-O Nf6 10. Bg5 Be7 11. Ne5 Bd6 12. Nxc6 Qd7 13. Bxf6 Rf8 14. Ne5 Bxe5
15. Bxe5 Qc6 16. d5 exd5 17. Nxd5 Be6 18. Nxc7+ Ke7 19. Nxa8 f4 20. Nc7 Rc8 21.
Bxf4 Ra8 22. Nxa8 Qa4 23. Bg5+ Kf7 24. Qf3+ Bf5 25. Rae1 Qxa2 26. Qb7+ 1-0

[Event "Challenge"]
[Site "http://www.queenalice.com/game.php?id=739265"]
[Date "2010.3.1"]
[Round "-"]
[White "guassenir"]
[Black "lgraham"]
[Result "0-1"]
[WhiteElo "923"]
[BlackElo "1191"]

1. d4 d5 2. Nf3 e6 3. g4 Bb4+ 4. c3 Ba5 5. Bg2 Nf6 6. Bh6 gxh6 7. a4 Bb6 8. O-O
Qd6 9. h3 Nc6 10. e3 Bd7 11. Nbd2 O-O-O 12. g5 hxg5 13. Nxg5 Qe7 14. h4 e5 15.
Nb3 e4 16. Rc1 a5 17. Qc2 Rdg8 18. f3 h6 19. Nh3 Bxh3 20. Rf2 exf3 21. Qf5+ Bxf5
22. Rxf3 Qe6 23. Re1 Qe4 24. Nd2 Qc2 25. Rf2 Ne4 26. h5 Nxf2 27. Nb1 Nh3+ 28.
Kh2 Qxg2# 0-1

[Event "Challenge"]
[Site "http://www.queenalice.com/game.php?id=743560"]
[Date "2010.3.9"]
[Round "-"]
[White "kayaman"]
[Black "guassenir"]
[Result "0-1"]
[WhiteElo "1235"]
[BlackElo "897"]

1. e4 Nc6 2. Nc3 e5 3. d3 Nd4 4. Be3 d5 5. exd5 c6 6. Nh3 Nf6 7. Bg5 cxd5 8. Be2
Bf5 9. Bh5 Qd6 10. O-O Nxh5 11. Qxh5 Qb4 12. a3 Qxb2 13. Nxd5 Qxc2 14. Nb4 Bxd3
15. Nxc2 Bxc2 16. a4 g6 17. Qg4 f5 18. Qg3 Ne2+ 19. Kh1 Nxg3+ 20. fxg3 h6 21.
Bf6 Rg8 22. Bxe5 Bd3 23. Rf3 Bc5 24. Nf4 h5 25. Rxd3 Rc8 26. Rc1 g5 27. Nxh5 Rh8
28. Bxh8 Ba3 29. Rxc8+ Ke7 30. Rxa3 f4 31. gxf4 Kd7 32. Rac3 gxf4 33. Nxf4 a6
34. Nd5 b5 0-1

[Event "Challenge"]
[Site "http://www.queenalice.com/game.php?id=746841"]
[Date "2010.3.16"]
[Round "-"]
[White "specktro"]
[Black "guassenir"]
[Result "1-0"]
[WhiteElo "1738"]
[BlackElo "897"]

1. d4 Nc6 2. Nf3 Nf6 3. Nc3 b6 4. e3 a5 5. Bc4 e6 6. e4 Bb7 7. Ng5 h6 8. Nf3 Ba6
9. Bxa6 Rxa6 10. Nb5 Nxe4 11. O-O d5 12. Bf4 Bd6 13. Qc1 Bxf4 14. Qxf4 Qf6 15.
Qxf6 gxf6 16. Nxc7+ Kd8 17. Nxa6 Rg8 18. a4 h5 19. Rac1 Rg4 20. h3 Rf4 21. b3
Nb4 22. Nxb4 axb4 23. c4 dxc4 24. Rxc4 e5 25. Rxb4 exd4 26. Rxd4+ Ke8 27. b4 f5
28. a5 Nc3 29. Rxf4 Ne2+ 30. Kh1 Nxf4 31. axb6 Ne6 32. b7 Nd8 33. b8=Q 1-0

[Event "Let's Play Chess!"]
[Site "http://www.queenalice.com/game.php?id=764946"]
[Date "2010.4.23"]
[Round "-"]
[White "guassenir"]
[Black "highlander7"]
[Result "0-1"]
[WhiteElo "897"]
[BlackElo "2101"]

1. Nc3 d5 2. d4 Nf6 3. e3 Bf5 4. Bd3 e6 5. Nf3 c6 6. h4 Nbd7 7. O-O Ne4 8. a4
Be7 9. Ne5 Nxe5 10. dxe5 O-O 0-1

[Event "Let's Play Chess!"]
[Site "http://www.queenalice.com/game.php?id=764959"]
[Date "2010.4.23"]
[Round "-"]
[White "guassenir"]
[Black "Aldino"]
[Result "0-1"]
[WhiteElo "897"]
[BlackElo "2096"]

1. Nc3 e5 2. e4 Nf6 3. f3 c6 4. d3 Qa5 5. Qd2 d5 6. Nge2 d4 7. Nd1 Qxd2+ 8. Bxd2
Na6 9. f4 Bd6 10. c3 c5 11. g3 O-O 12. Bg2 b6 13. O-O Bd7 14. Bf3 Bh3 15. Rf2
Bd7 16. c4 Rfe8 17. a4 Nb4 18. Bg2 Nxd3 19. Rf3 Bg4 20. Re3 dxe3 21. Nxe3 Bxe2
22. Ra3 Nxb2 23. Nf5 Bc7 24. Be3 Nxc4 25. Rc3 Nxe3 26. Rxe3 Bd1 27. h4 Bxa4 28.
fxe5 Bxe5 29. g4 Nxg4 30. Rg3 Bxg3 31. e5 Rad8 32. h5 Rd1+ 33. Bf1 Bb5 34. Nxg3
Rxe5 35. h6 Bxf1 36. hxg7 Bh3+ 37. Nf1 Rxf1# 0-1

[Event "Let's Play Chess!"]
[Site "http://www.queenalice.com/game.php?id=765088"]
[Date "2010.4.24"]
[Round "-"]
[White "guassenir"]
[Black "igorjava"]
[Result "0-1"]
[WhiteElo "964"]
[BlackElo "1930"]

1. Nf3 d5 2. d3 c5 3. c3 Nc6 4. e4 dxe4 5. dxe4 Qxd1+ 6. Kxd1 Bg4 7. h3 Bxf3+ 8.
gxf3 a6 9. c4 Rd8+ 10. Bd2 Nd4 11. Ba5 Rd7 12. Bg2 Nb3+ 13. Bd2 Nxa1 14. h4 g6
0-1

[Event "Challenge"]
[Site "http://www.queenalice.com/game.php?id=1234061"]
[Date "2013.11.21"]
[Round "-"]
[White "guassenir"]
[Black "specktro"]
[Result "0-1"]
[WhiteElo "1021"]
[BlackElo "1659"]

1. Nc3 e6 2. e4 Nc6 3. Nf3 g6 4. Bd3 Bg7 5. O-O Nf6 6. b3 d5 7. Qe1 O-O 8. Ba3
Re8 9. Bb5 Bd7 10. d3 a6 11. e5 Ng4 12. Bxc6 Bxc6 13. d4 Bb5 14. Ne2 c6 15. h3
Nh6 16. Qd1 a5 17. Re1 Nf5 18. Nc3 Rc8 19. Qb1 Qb6 20. Bc5 Qa6 21. a4 Bxa4 22.
bxa4 Qc4 23. Qb2 Rb8 24. Rac1 Red8 25. g4 Nh6 26. Ba7 Ra8 27. Qxb7 Qxc3 28. Ng5
Rf8 29. Red1 Rae8 30. Qb3 Qb4 31. Bc5 Qxb3 32. cxb3 f6 33. Nxe6 Rf7 34. Nxg7
Kxg7 35. Re1 fxe5 36. dxe5 Rb7 37. e6 Ng8 38. Bd4+ Kf8 39. Bc5+ Ne7 40. Rb1 g5
41. Rf1 Kg8 42. f4 gxf4 43. Rxf4 Ng6 44. Rff1 Rxe6 45. b4 axb4 46. Rxb4 Rc7 47.
g5 Rc8 48. h4 Kg7 49. Rb7+ Kg8 50. h5 Nh4 51. Re7 Re4 52. h6 Ng6 53. Rg7+ Kh8
54. a5 Ra4 55. Rff7 Rg4+ 56. Kf1 Rf4+ 57. Rxf4 Nxf4 58. Bg1 Ne6 59. g6 Nxg7 60.
Bd4 c5 61. hxg7+ Kg8 62. Bf6 h5 63. a6 Ra8 64. Kf2 Rxa6 65. Be7 c4 66. Ke2 c3
67. Kd1 d4 68. Kc2 Rxg6 69. Kd3 Rxg7 70. Bf6 Rg4 71. Kc4 c2 72. Bxd4 c1=Q+ 73.
Kd5 h4 74. Bf6 h3 75. Ke6 h2 76. Ke7 h1=Q 77. Ke8 Qh7 78. Be7 Re4 0-1

[Event "Mais uma? :D"]
[Site "http://www.queenalice.com/game.php?id=1280843"]
[Date "2014.5.11"]
[Round "-"]
[White "guassenir"]
[Black "specktro"]
[Result "0-1"]
[WhiteElo "1021"]
[BlackElo "1690"]

1. d4 Nf6 2. Nf3 d5 3. e3 g6 4. h4 a6 5. Bd3 Bg7 6. O-O O-O 7. e4 dxe4 8. c4
exf3 9. Qxf3 Qxd4 10. b3 Qxa1 11. Qe2 Qd4 12. g3 Bg4 13. Be3 Bxe2 14. Bxd4 Bxd3
15. Re1 Nc6 16. Nc3 Nxd4 17. Rxe7 Rac8 18. f4 Rfe8 19. Rd7 Nxd7 0-1

[Event "Challenge"]
[Site "http://www.queenalice.com/game.php?id=1292458"]
[Date "2014.7.5"]
[Round "-"]
[White "Vladimir"]
[Black "guassenir"]
[Result "1-0"]
[WhiteElo "1837"]
[BlackElo "1021"]

1. d4 d5 2. c4 Nf6 3. Nc3 Be6 4. Bg5 Ne4 5. Nxe4 Nc6 6. Nc5 b6 7. Nxe6 fxe6 8.
e3 g6 9. c5 Bg7 10. Nf3 O-O 11. Bb5 Qd7 12. O-O a6 13. Bxc6 Qxc6 14. cxb6 Qxb6
15. Bxe7 Rf7 16. Bc5 Qxb2 17. Qa4 Bf8 18. Rab1 Qc3 19. Bxf8 Rfxf8 20. Rfc1 Rfb8
21. Qd7 g5 22. Qxe6+ Kf8 23. Qf5+ Kg8 24. Rxc3 Rc8 25. Qxd5+ Kh8 26. Nxg5 h6 27.
Nf7+ Kh7 28. Qf5+ 1-0